000 00585nam a22002057a 4500
001 00488
003 KOHA_MİRAKIL
005 20240914231531.0
008 240915b tu ||||| |||| 00| 0 tur d
020 _a9786258475272
040 _aTR-AnABB
_btur
_cTR-AnABB
041 _atur
082 _a828.3354
_bJOR 2021
100 _aJordan, Robert
245 0 _aAlacakaranlık kavşağı /
_cRobert Jordan ; çeviren : Niran Elçi.
260 _aİstanbul :
_bİthaki Yayınları,
_c2021.
300 _a618 sayfa ;
_c22 cm.
650 _aAmerikan edebiyatı, roman
942 _2ddc
_cBK
999 _c499
_d499